Statystyki dla Dobierz Nuty do Perfum

Kliknij tutaj aby rozwiązać quiz!

Ogólne statystyki

  • Ten quiz został rozwiązany 117 razy
  • Średni wynik to 8 z 18

Statystyki odpowiedzi

ZagadnienieOdpowiedź% Poprawnych
Kouros Yves Saint Laurent
72%
Acqua di Giò Profumo Giorgio Armani
65%
Bois Impérial Essential Parfums
64%
Bentley for Men Absolute
64%
Uomo? Moschino
60%
Encre Noire A L'Extreme Lalique
56%
La Nuit de L'Homme Bleu Électrique Yves Saint Laurent
56%
Valentino Uomo Intense (wersja z roku 2016)
51%
Viktor & Rolf Spicebomb Extreme
38%
Eros Flame Versace
38%
Toy Boy Moschino
35%
Mancera Instant Crush
32%
Ombré Leather (2018) Tom Ford
32%
Cedrat Boise Mancera
30%
Pi Givenchy
28%
1 Million Elixir Paco Rabanne
27%
Altamir Ted Lapidus
24%
Terre d'Hermes Parfum Hermès
18%

Rozkład punktacji

Percentyl według liczby udzielonych odpowiedzi

Procent ludzi z każdym wynikiem

Twoja historia wyników

Nie rozwiązałeś tego quizu